| 000 | 00481nam a2200169 a 4500 | ||
|---|---|---|---|
| 001 | 4133 | ||
| 005 | 20140414131934.0 | ||
| 008 | 090217s19uu xx 00 eng d | ||
| 020 | _a1-582791-86-4 | ||
| 050 |
_aREF 591.9 _bR16 1993 |
||
| 100 | _aRand McNally and Company. | ||
| 245 | _aDiscovery atlas of animals. | ||
| 260 |
_a[Skokie, Ill.] : _bRand McNally, _c1993. |
||
| 300 | _a1 atlas (63 p.) : col. ill., c | ||
| 650 |
_aZoogeography _xMaps for children. |
||
| 999 |
_c112378 _d112378 |
||